Integración de los padres, madres, tutores y amigos en la gestión educativa del Politécnico Juan Sánchez Ramírez / Sunilda Leonor Leonardo, Garina Almonte Amparo y Alejandro Sánchez ; asesor Jaime Arismendi Acosta Padilla (Registro nro. 18027)

Detalles MARC
000 -LEADER
fixed length control field 01171nam a22002411a 4500
001 - CONTROL NUMBER
control field 18027
003 - CONTROL NUMBER IDENTIFIER
control field OSt
005 - DATE AND TIME OF LATEST TRANSACTION
control field 20260204212346.0
008 - FIXED-LENGTH DATA ELEMENTS--GENERAL INFORMATION
fixed length control field 170221s2015||||dr ||||||b||||||||||spa||
090 ## - LOCALLY ASSIGNED LC-TYPE CALL NUMBER (OCLC); LOCAL CALL NUMBER (RLIN)
Classification number (OCLC) (R) ; Classification number, CALL (RLIN) (NR) ESP-GCE 2015 L365-1
100 1# - ASIENTO PRINCIPAL -- NOMBRE PERSONAL
Personal name Leonardo, Sunilda Leonor
Relator term sustentante
245 1# - TÍTULO PROPIAMENTE DICHO: SUBTÍTULO
Title Integración de los padres, madres, tutores y amigos en la gestión educativa del Politécnico Juan Sánchez Ramírez / Sunilda Leonor Leonardo, Garina Almonte Amparo y Alejandro Sánchez ; asesor Jaime Arismendi Acosta Padilla
260 ## - PUBLICATION, DISTRIBUTION, ETC.
Place of publication, distribution, etc. Cotuí, Republica Dominicana :
Name of publisher, distributor, etc. UTECO,
Date of publication, distribution, etc. 2018
300 ## - PHYSICAL DESCRIPTION
Extensión 89 hojas :
502 ## - THESIS NOTE
Dissertation note Tesis (Especialidad en Planificación y Gestión de Centros Educativos)--Universidad Tecnológica del Cibao Oriental, 2015
504 ## - BIBLIOGRAPHY, ETC. NOTE
Bibliography, etc. note Incluye referencia bibliográfica e índice
650 #4 - ASIENTO SECUNDARIO DE MATERIA -- TERMINO TOPICO
Asiento secundario de materia Gestión educativa--Especialidad en Planificación y Gestión de Centros Educativos
700 1# - ASIENTO SECUNDARIO -- NOMBRE PERSONAL
Personal name Almonte Amparo, Garina
Relator term sustentante
700 1# - ASIENTO SECUNDARIO -- NOMBRE PERSONAL
Personal name Sánchez, Alejandro
Relator term sustentante
700 1# - ASIENTO SECUNDARIO -- NOMBRE PERSONAL
Personal name Acosta Padilla, Jaime Arismendy
Relator term asesor
830 ## - ASIENTO SECUNDARIO DE SERIE - TÍTULO UNIFORME
Uniform title Tesis y disertaciones académicas (Universidad Tecnológica del Cibao Oriental)
942 ## - ADDED ENTRY ELEMENTS (KOHA)
Source of classification or shelving scheme Clasificación Local
Koha item type Tesis
Existencias
Withdrawn status Lost status Source of classification or shelving scheme Damaged status Not for loan Collection code Home library Current library Shelving location Date acquired Inventory number Total Checkouts Full call number Barcode Date last seen Copy number Price effective from Koha item type
    Clasificación Local   Préstamo Interno Trabajos de Grado e Investigación   Biblioteca UTECO En Estantería 09/09/2019 PGE-2015-007   ESP-GCE 2015 L365-1 PGE-2015-007 09/09/2019 Ej.1 09/09/2019 Tesis
© 2021 Derechos Reservados UTECO - Teléfono: +1 809-585-2291 - Correo electrónico: biblioteca@uteco.edu.do​  
Código postal 43000 ​​
Dirección: Avenida Universitaria No. 100, 
Cotuí, Provincia Sánchez Ramírez, República Dominicana - RNC: 404-00059-6